00463nam a22001457a 4500008004100000040005500041080001900096100001400115245007600129260005200205300001000257650001600267653001800283700001600301230609b |||||||| |||| 00| 0 eng d aNational Science LibrarycNational Science Library a621.039.59bL21 aBhat, L S aDispersal and uptake of radioactive elements in the tarapur environment aBombay: bBhabha Atomic Research Centre, c1972 a251p. aEnvironment aRadioactivity aKamath, P R